Handbook of cognitive-behavioral therapies /

Bibliographic Details
Other Authors: Dobson, Keith S.
Format: Book
Language:English
Published: New York : Guilford Press, [2001]
Edition:2nd ed.
Subjects:
Online Access:Contributor biographical information
Publisher description
Table of contents

MARC

Tag First Indicator Second Indicator Subfields
LEADER 00000cam a22000004a 4500
001 in00002100513
005 20151103051322.0
008 000814s2001 nyu bf 001 0 eng
010 |a  00064027  
015 |a GBA2-06508 
016 7 |a 101087920  |2 DNLM 
020 |a 1572306017 
029 1 |a NLM  |b 101087920 
029 1 |a UKM  |b bA206508 
035 |a (OCoLC)ocm44841613 
040 |a DLC  |c DLC  |d COU  |d NLM  |d PGC  |d UKM  |d OCL  |d BAKER  |d UtOrBLW 
042 |a pcc 
049 |a TXAM 
050 0 0 |a RC489.C63  |b H36 2001 
060 0 0 |a 2001 B-876 
060 1 0 |a WM 425.5.C6  |b H236 2001 
082 0 0 |a 616.89/142  |2 21 
245 0 0 |a Handbook of cognitive-behavioral therapies /  |c edited by Keith S. Dobson. 
250 |a 2nd ed. 
264 1 |a New York :  |b Guilford Press,  |c [2001] 
264 4 |c ©2001 
300 |a xvi, 446 pages ;  |c 24 cm. 
336 |a text  |b txt  |2 rdacontent 
337 |a unmediated  |b n  |2 rdamedia 
338 |a volume  |b nc  |2 rdacarrier 
504 |a Includes bibliographical references and index. 
505 0 |a pt. 1. Conceptual issues. Historical and philosophical bases of the cognitive-behavioral therapies / Keith S. Dobson and David J.A. Dozois -- Cognitive assessment : issues and methods / Kirk R. Blankstein and Zindel V. Segal -- Cognitive-behavioral case formulation / Jacqueline B. Persons and Joan Davidson -- Cognition and clinical science : from revolution to evolution / Rick E. Ingram and Greg J. Siegle -- Cognitive-behavioral therapy and psychotherapy integration / Larry E. Beutler, T. Mark Harwood, and Roslyn Caldwell -- pt. 2. The therapies. Self-management therapies / Paul D. Rokke and Lynn P. Rehm -- Problem-solving therapies / Thomas J. D'Zurilla and Arthur M. Nezu -- Cognitive-behavioral therapy with youth / Lauren Braswell and Philip C. Kendall -- Rational emotive behavior therapy / Windy Dryden and Albert Ellis -- Cognitive therapy / Robert J. DeRubeis, Tony Z. Tang, and Aaron T. Beck -- Varieties of constructivism in psychotherapy / Robert A. Neimeyer and Jonathan D. Raskin. 
650 0 |a Cognitive therapy  |v Handbooks, manuals, etc. 
650 0 |a Behavior therapy  |v Handbooks, manuals, etc. 
650 1 2 |a Cognitive Therapy  |x methods. 
650 2 2 |a Cognition Disorders  |x diagnosis. 
700 1 |a Dobson, Keith S. 
856 4 2 |3 Contributor biographical information  |u http://www.loc.gov/catdir/bios/guilford051/00064027.html  |t 0 
856 4 2 |3 Publisher description  |u http://www.loc.gov/catdir/description/guilford051/00064027.html  |t 0 
856 4 1 |3 Table of contents  |u http://www.loc.gov/catdir/toc/guilford041/00064027.html  |t 0 
938 |a Baker & Taylor  |b BKTY  |c 30.00  |d 30.00  |i 157230863X  |n 0004134189  |s active 
938 |a Baker & Taylor  |b BKTY  |c 55.00  |d 55.00  |i 1572306017  |n 0003591352  |s active 
994 |a C0  |b TXA 
948 |a cataloged  |b h  |c 2006/4/21  |d c  |e bhartsfi  |f 11:31:15 am 
999 |a MARS 
999 f f |s 9d712b56-ac15-3e31-9537-a1dde3812abb  |i c0348fad-fe80-3566-adfa-7d7bddae920f  |t 0 
952 f f |p normal  |a Texas A&M University  |b College Station  |c Sterling C. Evans Library  |s Evans stk  |d Evans: Library Stacks  |t 0  |e RC489.C63 H36 2001  |h Library of Congress classification  |i unmediated -- volume  |m A14833588458 
998 f f |a RC489.C63 H36 2001  |t 0  |l Evans: Library Stacks